[Event "Africa-ch rapid (Women)"]
[Site "Accra"]
[Date "2024.03.10"]
[Round "2"]
[White "Nakabo, Peninah"]
[Black "Vilhete, Vania Fausto da T"]
[Result "1-0"]
[WhiteElo "1836"]
[BlackElo "1829"]
[PlyCount "97"]
[EventDate "2024.03.07"]
[EventType "swiss (rapid)"]
[EventRounds "6"]
[EventCountry "GHA"]
[SourceTitle "CB15_2024"]
[SourceDate "2024.04.10"]
[SourceVersion "1"]
[SourceVersionDate "2024.04.10"]
[SourceQuality "1"]

1. e4 c5 2. c3 d5 3. exd5 Qxd5 4. d4 cxd4 5. cxd4 e6 6. Nc3 Qd8 7. Nf3 Nf6 8. Be2 Be7 9. 0-0 0-0 10. h3 a6 11. Be3 b5 12. a3 Bb7 13. Rc1 Nc6 14. Bd3 Rc8 15. Qe2 Qd7 16. Rfd1 Rfd8 17. Bb1 Nd5 18. Ne5 Qe8 19. Nxd5 exd5 20. Nxc6 Rxc6 21. Rxc6 Bxc6 22. Rc1 Bd6 23. Qh5 g6 24. Qf3 Rc8 25. Bh6 Bd7 26. Rd1 Qe6 27. Kf1 Re8 28. Ba2 Bc6 29. Bd2 Qe4 30. Qxe4 Rxe4 31. Be3 Re8 32. Rc1 Bb7 33. Bb1 Rc8 34. Rxc8+ Bxc8 35. Ke2 Kf8 36. Bg5 f5 37. Ba2 Bb7 38. Bf6 Bf4 39. Kd3 Kf7 40. Be5 Bxe5 41. dxe5 f4 42. Kd4 Ke6 43. g3 fxg3 44. fxg3 g5 45. g4 h6 46. Bb1 Ke7 47. Bf5 a5 48. b4 axb4 49. axb4 1-0

[Event "Africa-chT rapid 13th"]
[Site "Accra"]
[Date "2024.03.09"]
[Round "1.2"]
[White "Nakabo, Peninah"]
[Black "Wafa, Shahenda"]
[Result "0-1"]
[WhiteElo "1836"]
[BlackElo "2083"]
[PlyCount "55"]
[EventDate "2024.03.09"]
[EventType "team-swiss (rapid)"]
[EventRounds "6"]
[EventCountry "GHA"]
[SourceTitle "CB11_2024"]
[SourceDate "2024.03.13"]
[SourceVersion "1"]
[SourceVersionDate "2024.03.13"]
[SourceQuality "1"]
[WhiteTeam "Uganda"]
[BlackTeam "Egypt"]
[WhiteTeamCountry "UGA"]
[BlackTeamCountry "EGY"]

1. e4 c5 2. Nf3 Nc6 3. c3 d5 4. exd5 Qxd5 5. d4 Nf6 6. Bb5 Bg4 7. Nbd2 cxd4 8. Bxc6+ Qxc6 9. cxd4 Qe6+ 10. Qe2 Qxe2+ 11. Kxe2 0-0-0 12. Nb3 Nd5 13. Bd2 e6 14. Rhc1+ Kb8 15. h3 Bh5 16. g4 Bg6 17. Ne5 f6 18. Nc4 Bb4 19. Be3 h5 20. a3 Be7 21. Nbd2 hxg4 22. hxg4 Rh4 23. Rg1 Rc8 24. Rac1 b5 25. Na5 Rxc1 26. Rf1 Re1+ 27. Rxe1 Rxg4 28. Rc1 0-1

[Event "UGA-chT"]
[Site "Kampala"]
[Date "2022.08.28"]
[Round "5"]
[White "Nabacwa, Allen Kyolaba"]
[Black "Nakabo, Peninah"]
[Result "0-1"]
[WhiteElo "1454"]
[BlackElo "1747"]
[PlyCount "82"]
[EventDate "2022.07.10"]
[EventType "team-swiss"]
[EventRounds "14"]
[EventCountry "UGA"]
[SourceTitle "EXT 2024"]
[Source "ChessBase"]
[SourceDate "2023.10.10"]
[SourceVersion "1"]
[SourceVersionDate "2023.10.10"]
[SourceQuality "1"]
[WhiteTeam "Kireka Panthers"]
[BlackTeam "Kireka CC"]
[WhiteTeamCountry "UGA"]
[BlackTeamCountry "UGA"]

1. e4 c6 2. Nc3 d5 3. Nf3 Bg4 4. h3 Bxf3 5. Qxf3 e6 6. b3 g6 7. Bb2 Bg7 8. exd5 cxd5 9. Bb5+ Nc6 10. 0-0 Nge7 11. Rad1 0-0 12. Bc1 Rc8 13. Ne2 Nb4 14. c3 Nbc6 15. d4 a6 16. Bd3 b5 17. a3 Qb6 18. Bb1 a5 19. b4 axb4 20. axb4 Ra8 21. Kh1 Nc8 22. h4 Nd6 23. h5 Qd8 24. Ng3 Qh4+ 25. Kg1 Nf5 26. Nxf5 gxf5 27. Qh3 Qxh3 28. gxh3 h6 29. Kh1 Kh7 30. Rg1 Ra7 31. Rg3 Bf6 32. Rf3 Bg5 33. Bxf5+ exf5 34. Bxg5 hxg5 35. Rxf5 Rd7 36. Rxg5 f6 37. Rg2 Kh6 38. Ra1 Ra7 39. Re1 Re7 40. Ra1 Nb8 41. Ra8 Kxh5 0-1

[Event "Olympiad Women-44"]
[Site "Chennai"]
[Date "2022.08.05"]
[Round "7.1"]
[White "Nakabo, Peninah"]
[Black "Shabanaj, Eglantina"]
[Result "1-0"]
[WhiteElo "1747"]
[BlackElo "1940"]
[PlyCount "142"]
[EventDate "2022.07.29"]
[EventType "team-swiss"]
[EventRounds "11"]
[EventCountry "IND"]
[SourceTitle "CBM 210"]
[Source "ChessBase"]
[SourceDate "2022.10.31"]
[SourceVersion "1"]
[SourceVersionDate "2022.10.31"]
[SourceQuality "1"]
[WhiteTeam "Uganda (W)"]
[BlackTeam "Albania (W)"]
[WhiteTeamCountry "UGA"]
[BlackTeamCountry "ALB"]

1. e4 e6 2. d4 d5 3. Nd2 Nf6 4. exd5 exd5 5. Ngf3 Bd6 6. Bd3 0-0 7. 0-0 Bg4 8. c3 c5 9. dxc5 Bxc5 10. Qc2 Nc6 11. Nb3 Bd6 12. Nbd4 Rc8 13. Nxc6 bxc6 14. Bf5 Bxf3 15. gxf3 Rb8 16. Kh1 Qc7 17. Bg5 Bxh2 18. Bxf6 gxf6 19. Bxh7+ Kg7 20. Rg1+ Kh6 21. Rg4 Rh8 22. Rh4+ Kg7 23. Rxh2 Qf4 24. Rg1+ Kf8 25. Rg3 Re8 26. Kg2 Re1 27. Bf5 Rxh2+ 28. Kxh2 Qe5 29. Bd3 Qh5+ 30. Rh3 Qe5+ 31. Kg2 Qg5+ 32. Rg3 Qh4 33. Bf1 Re5 34. Qb3 Rh5 35. Qb4+ Qxb4 36. cxb4 Re5 37. Rg4 Re1 38. Rd4 Rb1 39. Rd2 Ke7 40. Ba6 Kd6 41. f4 Re1 42. Kf3 Rg1 43. Rc2 Rd1 44. Bb7 Rd3+ 45. Kg4 Rd4 46. Rxc6+ Ke7 47. Rc7+ Kd6 48. Rxf7 Rxb4 49. b3 Ke6 50. Rh7 Rd4 51. Bc8+ Kd6 52. Rxa7 Rd2 53. Kf3 Rc2 54. Bf5 Rc3+ 55. Ke2 Rc6 56. Bd3 Kc5 57. Rb7 Re6+ 58. Kd2 Re8 59. b4+ Kd4 60. a4 Rc8 61. a5 Rc3 62. Be2 Ra3 63. Rc7 Ke4 64. a6 d4 65. a7 Ra2+ 66. Ke1 Ra1+ 67. Bd1 d3 68. b5 Ra2 69. b6 d2+ 70. Ke2 Kxf4 71. b7 Rxa7 1-0

[Event "Olympiad Women-44"]
[Site "Chennai"]
[Date "2022.08.01"]
[Round "4.1"]
[White "Nakabo, Peninah"]
[Black "Markidou, Christianna"]
[Result "1-0"]
[WhiteElo "1747"]
[BlackElo "1701"]
[PlyCount "101"]
[EventDate "2022.07.29"]
[EventType "team-swiss"]
[EventRounds "11"]
[EventCountry "IND"]
[SourceTitle "CBM 210"]
[Source "ChessBase"]
[SourceDate "2022.10.31"]
[SourceVersion "1"]
[SourceVersionDate "2022.10.31"]
[SourceQuality "1"]
[WhiteTeam "Uganda (W)"]
[BlackTeam "Cyprus (W)"]
[WhiteTeamCountry "UGA"]
[BlackTeamCountry "CYP"]

1. e4 e5 2. Nf3 Nc6 3. d4 exd4 4. Bc4 Be7 5. c3 d6 6. Qb3 Bf6 7. Bxf7+ Kf8 8. Bxg8 Rxg8 9. 0-0 Qe7 10. Re1 Qe6 11. Qb5 a6 12. Qd3 dxc3 13. Nxc3 Nb4 14. Qd1 h6 15. Nd5 Nxd5 16. exd5 Qf7 17. Qb3 b6 18. Bd2 Bb7 19. Re6 Qh5 20. Qc2 Bxd5 21. Qxc7 Bxe6 22. Qxd6+ Kf7 23. Re1 Qd5 24. Qf4 Kg6 25. Ne5+ Kh7 26. Bc3 Qxa2 27. Qg3 Bxe5 28. Qxe5 Rae8 29. Qe4+ Kh8 30. Qg6 Bf5 31. Qxh6+ Bh7 32. Bxg7+ Rxg7 33. Rxe8+ Qg8 34. Rxg8+ Rxg8 35. Qxb6 Rg6 36. Qd8+ Bg8 37. h4 Kh7 38. Qd3 Kh6 39. Kh2 Kh5 40. Qf5+ Kh6 41. Qf8+ Kh5 42. Qf5+ Kh6 43. g4 Be6 44. Qf8+ Kh7 45. g5 Bd7 46. Qe7+ Rg7 47. Qe4+ Kg8 48. Qc4+ Kh7 49. Qxa6 Be8 50. b4 Bh5 51. Qh6+ 1-0

[Event "Kampala Rwabushenyi Memorial"]
[Site "Kampala"]
[Date "2021.12.05"]
[Round "7"]
[White "Nakabo, Peninah"]
[Black "Zadock, Nyakundi"]
[Result "1-0"]
[WhiteElo "1709"]
[BlackElo "1390"]
[PlyCount "107"]
[EventDate "2021.12.02"]
[EventType "swiss"]
[EventRounds "8"]
[EventCountry "UGA"]
[SourceTitle "EXT 2023"]
[Source "ChessBase"]
[SourceDate "2022.10.05"]
[SourceVersion "1"]
[SourceVersionDate "2022.10.05"]
[SourceQuality "1"]

1. e4 d5 2. exd5 Qxd5 3. Nc3 Qd8 4. d4 Nf6 5. Nf3 Bf5 6. Bb5+ c6 7. Bd3 Bxd3 8. Qxd3 e6 9. 0-0 Be7 10. h3 0-0 11. Bf4 Nbd7 12. Rad1 Re8 13. Ne2 Qa5 14. a3 Rac8 15. Bc1 Bf8 16. Ng3 g6 17. Rfe1 Bg7 18. Ng5 Rcd8 19. Qb3 Qb6 20. Qa2 Nd5 21. c3 N7f6 22. N5e4 Nxe4 23. Nxe4 Ne7 24. Bg5 Nd5 25. Bxd8 Qxd8 26. Qb3 b5 27. Qc2 f5 28. Nc5 Nf4 29. Nd3 Qg5 30. Nxf4 Qxf4 31. Qd2 Qd6 32. Re2 a5 33. Rde1 a4 34. Qg5 Kf7 35. Qe3 Qd5 36. Qf4 h6 37. h4 h5 38. Kh2 Bf6 39. Kh3 Re7 40. f3 Qc4 41. g3 Qd5 42. g4 c5 43. gxf5 exf5 44. Rxe7+ Bxe7 45. dxc5 Qxc5 46. Qe3 Qd6 47. Re2 Qf6 48. Qd4 Qc6 49. Kg3 Bc5 50. Qd3 Bd6+ 51. f4 Be7 52. Rd2 Qf6 53. Qd5+ Kg7 54. Qe5 1-0

[Event "Kampala Rwabushenyi Memorial"]
[Site "Kampala"]
[Date "2021.12.04"]
[Round "6"]
[White "Katende, Hudson"]
[Black "Nakabo, Peninah"]
[Result "0-1"]
[WhiteElo "1419"]
[BlackElo "1709"]
[PlyCount "56"]
[EventDate "2021.12.02"]
[EventType "swiss"]
[EventRounds "8"]
[EventCountry "UGA"]
[SourceTitle "EXT 2023"]
[Source "ChessBase"]
[SourceDate "2022.10.05"]
[SourceVersion "1"]
[SourceVersionDate "2022.10.05"]
[SourceQuality "1"]

1. d4 f5 2. g3 Nf6 3. Bg2 e6 4. Nf3 Be7 5. 0-0 0-0 6. b3 c6 7. Bb2 Na6 8. c4 Nc7 9. Nc3 b6 10. Re1 Bb7 11. Ne5 Qe8 12. e4 fxe4 13. Nxe4 Nxe4 14. Bxe4 d6 15. Ng4 d5 16. Bd3 Qf7 17. Qe2 Bd6 18. Ne5 Bxe5 19. dxe5 c5 20. cxd5 Bxd5 21. Qe3 Bb7 22. Re2 Nd5 23. Qd2 Rad8 24. Qg5 Qf3 25. Rd2 Nb4 26. Bxh7+ Kxh7 27. Kf1 Rxd2 28. Qxd2 Nd3 0-1

[Event "Online Olym Div4 B"]
[Site "Chess.com INT"]
[Date "2021.08.21"]
[Round "6.6"]
[White "Nakabo, Peninah"]
[Black "Al Khelaifi, Kholoud"]
[Result "1-0"]
[WhiteElo "1709"]
[BlackElo "1507"]
[PlyCount "75"]
[EventDate "2021.08.20"]
[EventType "team (rapid)"]
[EventRounds "11"]
[EventCountry "USA"]
[SourceTitle "CBM 203 Extra"]
[Source "ChessBase"]
[SourceDate "2021.09.30"]
[SourceVersion "1"]
[SourceVersionDate "2021.09.30"]
[SourceQuality "1"]
[WhiteTeam "Uganda"]
[BlackTeam "Qatar"]
[WhiteTeamCountry "UGA"]
[BlackTeamCountry "QAT"]

1. e4 e5 2. Nf3 Nc6 3. Bc4 Bc5 4. 0-0 Nf6 5. d3 d6 6. h3 h6 7. c3 0-0 8. b4 Bb6 9. a4 a6 10. Nbd2 Ne7 11. Kh2 Ng6 12. Ba2 Nf4 13. Nc4 Ba7 14. Bxf4 exf4 15. Qd2 Nh5 16. Qe2 Qf6 17. e5 dxe5 18. Nfxe5 Re8 19. Qxh5 b5 20. axb5 axb5 21. d4 bxc4 22. Bxc4 Be6 23. Bb5 Reb8 24. Bc6 f3 25. Qxf3 Qxf3 26. gxf3 f6 27. Bxa8 fxe5 28. Rxa7 exd4 29. Re1 Bf7 30. cxd4 Rxb4 31. d5 Rb2 32. Kg3 Rd2 33. Rxc7 Rd3 34. Ree7 Bxd5 35. Rxg7+ Kf8 36. Bxd5 Rxd5 37. Rh7 Rd6 38. Rh8# 1-0

[Event "Africa-ch (Women)"]
[Site "Lilongwe"]
[Date "2021.05.26"]
[Round "8"]
[White "Moaataz, Ayah"]
[Black "Nakabo, Peninah"]
[Result "1-0"]
[WhiteElo "2028"]
[BlackElo "1730"]
[PlyCount "153"]
[EventDate "2021.05.18"]
[EventType "swiss"]
[EventRounds "9"]
[EventCountry "MWI"]
[SourceTitle "EXT 2022"]
[Source "ChessBase"]
[SourceDate "2021.10.06"]
[SourceVersion "1"]
[SourceVersionDate "2021.10.06"]
[SourceQuality "1"]

1. c4 c5 2. g3 g6 3. Bg2 Nc6 4. Nc3 Bg7 5. Nf3 e5 6. d3 Nge7 7. 0-0 0-0 8. a3 d6 9. Rb1 Be6 10. b4 cxb4 11. axb4 a6 12. e4 Qd7 13. Nd5 Nc8 14. Bh6 Bh3 15. Nf6+ Bxf6 16. Bxf8 Kxf8 17. Qd2 Bxg2 18. Kxg2 Nd8 19. Ra1 Ne6 20. h3 b5 21. cxb5 Qxb5 22. Ra5 Qb7 23. Rfa1 Nc7 24. h4 d5 25. h5 dxe4 26. dxe4 Qxe4 27. Re1 Qb7 28. Qh6+ Kg8 29. hxg6 fxg6 30. Qd2 Nb5 31. Re3 Ncd6 32. Qa2+ Qf7 33. Qxf7+ Kxf7 34. Nxe5+ Bxe5 35. Rxe5 Kf6 36. Rc5 Nd4 37. Ra2 N6b5 38. g4 Ke6 39. Rc1 Kd6 40. Rca1 Kd5 41. Rxa6 Re8 42. Rh1 Re7 43. Ra8 Ne6 44. Rc1 Kd4 45. Kg3 Nc3 46. Rca1 Ne2+ 47. Kg2 N2f4+ 48. Kh2 Nd3 49. Kg3 Rf7 50. R1a7 Rf6 51. Rd7+ Kc3 52. Ra3+ Kxb4 53. Raxd3 Nc5 54. R7d4+ Kb5 55. Rd1 h5 56. gxh5 gxh5 57. Rh1 Rg6+ 58. Kf3 Rg5 59. Rdh4 Rf5+ 60. Ke2 Re5+ 61. Kf1 Re8 62. Rxh5 Kc4 63. R1h4+ Kb5 64. Rd4 Rc8 65. f4 Kc6 66. Rh6+ Kb5 67. Kf2 Ra8 68. Kf3 Rf8 69. Rh5 Rg8 70. Rdd5 Rc8 71. Kg4 Kc4 72. Rxc5+ Rxc5 73. Rxc5+ Kxc5 74. Kg5 Kd6 75. Kf6 Kd7 76. f5 Ke8 77. Kg7 1-0

[Event "Africa-ch U1700/2300 (Women)"]
[Site "Windhoek"]
[Date "2019.01.02"]
[Round "4.4"]
[White "Tjaronda, Nicola"]
[Black "Nakabo, Peninah"]
[Result "0-1"]
[WhiteElo "1500"]
[BlackElo "1614"]
[PlyCount "104"]
[EventDate "2018.12.31"]
[EventType "swiss"]
[EventRounds "9"]
[EventCountry "NAM"]
[SourceTitle "EXT 2024"]
[Source "ChessBase"]
[SourceDate "2023.10.10"]
[SourceVersion "1"]
[SourceVersionDate "2023.10.10"]
[SourceQuality "1"]

1. d4 e6 2. c4 Nf6 3. Nc3 d5 4. cxd5 exd5 5. Bg5 Be7 6. e3 0-0 7. Nf3 Bg4 8. Be2 c6 9. 0-0 Nbd7 10. Qc2 Rc8 11. h3 Bh5 12. Rac1 Re8 13. Bxf6 Nxf6 14. Ne5 Bxe2 15. Qxe2 Bd6 16. Ng4 Nd7 17. Nh2 f5 18. Qd3 Qf6 19. Ne2 Re7 20. Nf3 Rce8 21. Ng3 Bxg3 22. fxg3 Rxe3 23. Qd2 Re2 24. Qb4 Nb6 25. Rfe1 Rxe1+ 26. Rxe1 Rxe1+ 27. Qxe1 Kf7 28. Qa5 Qe7 29. Qxa7 Nc4 30. b3 Nd6 31. Ne5+ Ke6 32. Qb8 c5 33. dxc5 Kxe5 34. cxd6 Qxd6 35. Qxb7 Kf6 36. Kf2 Qe6 37. Qb4 Qe5 38. Qd2 d4 39. a4 Qd5 40. b4 d3 41. a5 Qd4+ 42. Kf1 Qa1+ 43. Qe1 Qb2 44. Qe3 Qb1+ 45. Kf2 Qc2+ 46. Kf1 d2 47. Qb6+ Ke5 48. Qe3+ Kd5 49. Qf3+ Kc4 50. Qc6+ Kb3 51. Qe6+ Kb2 52. Qe5+ Kb1 0-1

[Event "Africa-ch U1700/2300 (Women)"]
[Site "Windhoek"]
[Date "2018.12.31"]
[Round "1.4"]
[White "Nakabo, Peninah"]
[Black "Jansen, Lilian"]
[Result "1-0"]
[WhiteElo "1614"]
[BlackElo "1163"]
[PlyCount "61"]
[EventDate "2018.12.31"]
[EventType "swiss"]
[EventRounds "9"]
[EventCountry "NAM"]
[SourceTitle "EXT 2024"]
[Source "ChessBase"]
[SourceDate "2023.10.10"]
[SourceVersion "1"]
[SourceVersionDate "2023.10.10"]
[SourceQuality "1"]

1. e4 e5 2. d4 exd4 3. Nf3 Nc6 4. Bc4 Bc5 5. c3 dxc3 6. Bxf7+ Kf8 7. Bxg8 Kxg8 8. Qd5+ Kf8 9. Qxc5+ Ne7 10. Nxc3 d6 11. Qc4 a6 12. Ng5 Qe8 13. Qxc7 h6 14. Nf3 Qg6 15. Nh4 Qf6 16. Qd8+ Kf7 17. Qxh8 Qxh4 18. Qd8 Qf6 19. 0-0 Qe6 20. f4 Nc6 21. Qh4 Qc4 22. Be3 Qd3 23. Bf2 Qc2 24. Qh5+ Kg8 25. Qd5+ Kf8 26. Qxd6+ Kg8 27. Qg6 Ne7 28. Qe8+ Kh7 29. Qxe7 Qxb2 30. Bd4 Qd2 31. Qxg7# 1-0